书目信息 |
| 题名: |
国际知识手册
|
|
| 作者: | 北京第二外国语学院国际关系教研室 | |
| 分册: | ||
| 出版信息: | 南宁 广西人民出版社 1983.10 |
|
| 页数: | 557页 | |
| 开本: | 19cm | |
| 丛书名: | ||
| 单 册: | ||
| 中图分类: | D-62 | |
| 科图分类: | ||
| 主题词: | 政治--手册 | |
| 电子资源: | ||
| ISBN: | ||
| 000 | 00627nam0 2200205 45 | |
| 001 | 0210211502 | |
| 005 | 20050606095325.6 | |
| 010 | @dCNY1.55 | |
| 091 | @a3113.301 | |
| 100 | @a20021021d1983 km y0chiy0120 ea | |
| 101 | 0 | @achi |
| 105 | @a z 000yy | |
| 200 | 1 | @a国际知识手册@AGuo Ji Zhi Shi Shou Ce@f北京第二外国语学院国际关系教研室@FBei Jing Di Er Wai Guo Yu Xue Yuan Guo Ji Guan Xi Jiao Yan Shi |
| 210 | @a南宁@c广西人民出版社@d1983.10 | |
| 215 | @a557页@d19cm | |
| 606 | 0 | @a政治@x手册 |
| 690 | @aD-62@v3 | |
| 701 | 0 | @a北京第二外国语学院国际关系教研室 |
| 801 | @aCN@bTSTC@c20021021 | |
| 905 | @dD-62@e8:3@f1@b166017 | |
| 国际知识手册/北京第二外国语学院国际关系教研室.-南宁:广西人民出版社,1983.10 |
| 557页;19cm |
| ISBN :CNY1.55 |
| ● |
| 相关链接 |
|
|
|
|
正题名:国际知识手册
索取号:D-62/8:3
 
预约/预借
| 序号 | 登录号 | 条形码 | 馆藏地/架位号 | 状态 | 备注 |
| 1 | 0166016 | 001611134 | 第一借阅区/ [索取号:D-62/8:3] | 在馆 | |
| 2 | 0166017 | 002051193 | 第一样本阅览室/ [索取号:D-62/8:3] | 在馆 |